[Event "Aeroflot Open A"]
[Site "Moscow RUS"]
[Date "2011.02.14"]
[Round "7"]
[White "Zhao, Jun"]
[Black "El Debs, Felipe de Cresce"]
[Result "1-0"]
[WhiteTitle "GM"]
[BlackTitle "GM"]
[WhiteElo "2599"]
[BlackElo "2499"]
[WhiteFideId "8602522"]
[BlackFideId "2106981"]
[EventDate "2011.02.08"]

1. Nf3 Nf6 2. c4 c6 3. d4 d5 4. e3 Bf5 5. Nc3 e6 6. Nh4 Be4 7. f3 Bg6 8. Qb3 Qc7
9. Bd2 Be7 10. Rc1 Ne4 11. fxe4 Bxh4+ 12. g3 dxc4 13. Qxc4 Be7 14. Bg2 O-O 15.
e5 Qb6 16. Na4 Qa6 17. Qxa6 Nxa6 18. a3 f6 19. exf6 Bxf6 20. Bf1 Nc7 21. Nc5 e5
22. Nd7 Rfe8 23. Bc4+ Bf7 24. Nxf6+ gxf6 25. dxe5 Rxe5 26. O-O Nd5 27. Bxd5 Rxd5
28. Bc3 f5 29. Bd4 a6 30. Rc5 Rxc5 31. Bxc5 Be6 32. Rf4 Rd8 33. e4 Rd1+ 34. Kf2
fxe4 35. Rxe4 Bf7 36. Bb4 Rh1 37. Rh4 h5 38. Ke3 Rd1 39. g4 hxg4 40. Rxg4+ Kh7
41. Bc3 Bg6 42. Rh4+ Kg8 43. Rh8+ Kf7 44. h4 Rd5 45. Rb8 Rd7 46. Kf4 Ke6 47. Rg8
Bh7 48. Re8+ Kd5 49. h5 c5 50. h6 Rf7+ 51. Ke3 Kc4 52. Re6 Bc2 53. Rb6 Bh7 54.
Bf6 Kd5 55. Bg7 Bc2 56. Kd2 Bh7 57. Bf6 Bb1 58. Kc3 Rd7 59. Bg7 Rf7 60. Kb3 Bh7
61. Ka4 Be4 62. Ka5 Bc2 63. Bf6 Bh7 64. Bh4 Rc7 65. Bg5 Rf7 66. Bh4 Rc7 67. Bg3
Re7 68. Rd6+ Kc4 69. Bh4 Rf7 70. Bf6 Bc2 71. Kb6 Be4 72. Bg7 Bf5 73. Rd1 Bh7 74.
Rc1+ Kd5 75. Rxc5+ Kd6 76. Be5+ 1-0

[Event "Aeroflot Open A"]
[Site "Moscow RUS"]
[Date "2011.02.14"]
[Round "7"]
[White "Bluvshtein, Mark"]
[Black "Mekhitarian, Krikor Sevag"]
[Result "1/2-1/2"]
[WhiteTitle "GM"]
[BlackTitle "GM"]
[WhiteElo "2590"]
[BlackElo "2528"]
[WhiteFideId "2603608"]
[BlackFideId "2107660"]
[EventDate "2011.02.08"]

1. d4 Nf6 2. c4 g6 3. Nc3 d5 4. Nf3 Bg7 5. Qb3 dxc4 6. Qxc4 O-O 7. e4 a6 8. Be2
b5 9. Qb3 c5 10. dxc5 Be6 11. Qc2 Nbd7 12. Be3 Rc8 13. Rd1 b4 14. Nd5 Bxd5 15.
exd5 Nxc5 16. O-O a5 17. Bb5 Nce4 18. Bc6 Nd6 19. Qe2 Nf5 20. Rfe1 Qc7 21. Rc1
Ng4 22. Bc5 Nd4 23. Bxd4 Bxd4 24. Rf1 Bf6 1/2-1/2

[Event "Aeroflot Open A"]
[Site "Moscow RUS"]
[Date "2011.02.14"]
[Round "7"]
[White "Hammer, Jon Ludvig"]
[Black "Alsina Leal, Daniel"]
[Result "0-1"]
[WhiteTitle "GM"]
[BlackTitle "GM"]
[WhiteElo "2647"]
[BlackElo "2531"]
[WhiteFideId "1503707"]
[BlackFideId "2252627"]
[EventDate "2011.02.08"]

1. Nf3 d5 2. d4 Nf6 3. c4 c6 4. Nc3 e6 5. e3 Nbd7 6. Qc2 Bd6 7. Bd3 O-O 8. O-O
dxc4 9. Bxc4 b5 10. Be2 Bb7 11. Rd1 Qb8 12. a3 Re8 13. g3 e5 14. dxe5 Nxe5 15.
Ng5 Bf8 16. f4 Nc4 17. Bd3 g6 18. Nce4 Nxe4 19. Nxe4 Bg7 20. Bxc4 bxc4 21. Qxc4
Qc7 22. Nf2 Rad8 23. Bd2 c5 24. Bc3 Qc6 25. e4 Bd4 26. Rxd4 cxd4 27. Qxc6 Bxc6
28. Ba5 Rb8 29. b4 Bxe4 30. Bc7 Rbc8 31. Be5 f5 32. Bxd4 a6 33. Bc5 Rcd8 34. a4
Bc6 35. b5 axb5 36. axb5 Bxb5 37. h3 Rd2 38. g4 h5 39. Kh2 h4 40. gxf5 gxf5 41.
Rg1+ Kf7 42. Rg5 Rd5 43. Ba7 Re7 44. Bb8 Re2 45. Ba7 Ra2 46. Rh5 Kg6 47. Rg5+
Kf6 48. Bb6 Rdd2 49. Kg1 Bc6 0-1

[Event "Aeroflot Open A"]
[Site "Moscow RUS"]
[Date "2011.02.14"]
[Round "7"]
[White "Novikov, Stanislav"]
[Black "Sethuraman, S.P."]
[Result "1/2-1/2"]
[WhiteTitle "GM"]
[BlackTitle "IM"]
[WhiteElo "2568"]
[BlackElo "2545"]
[WhiteFideId "4125371"]
[BlackFideId "5021596"]
[EventDate "2011.02.08"]

1. e4 e6 2. d4 d5 3. Nc3 Nf6 4. Bg5 dxe4 5. Nxe4 Nbd7 6. Nf3 h6 7. Nxf6+ Nxf6 8.
Bxf6 Qxf6 9. Bb5+ c6 10. Bd3 Bd7 11. c3 Bd6 12. Qe2 c5 13. Ne5 cxd4 14. cxd4
Bxe5 15. dxe5 Qf4 16. O-O O-O 17. g3 Qb4 18. Qe4 Qxe4 19. Bxe4 Rac8 20. Rac1
Rxc1 21. Rxc1 Rc8 22. Rxc8+ Bxc8 23. f4 Kf8 24. Kf2 Ke7 25. g4 f6 26. exf6+ gxf6
27. Bg2 f5 28. g5 hxg5 29. fxg5 Kf7 30. h4 Kg6 31. Ke3 e5 32. Bd5 Bd7 33. Kf3
Bc6 34. Bxc6 bxc6 35. b4 Kh5 36. Kg3 1/2-1/2

[Event "Aeroflot Open A"]
[Site "Moscow RUS"]
[Date "2011.02.14"]
[Round "7"]
[White "Zhigalko, Andrey"]
[Black "Huschenbeth, Niclas"]
[Result "1-0"]
[WhiteTitle "GM"]
[BlackTitle "IM"]
[WhiteElo "2566"]
[BlackElo "2450"]
[WhiteFideId "13502247"]
[BlackFideId "24604747"]
[EventDate "2011.02.08"]

1. d4 d5 2. c4 e6 3. Nc3 c6 4. e4 Bb4 5. Bd2 dxc4 6. Bxc4 Qxd4 7. Qe2 Nf6 8. Nf3
Qd8 9. a3 Be7 10. O-O O-O 11. Bf4 b5 12. Rad1 Nbd7 13. Ba2 Bb7 14. Rd2 Qb6 15.
Rfd1 Rad8 16. Ng5 Bc8 17. e5 Nd5 18. Nxd5 cxd5 19. Bb1 f5 20. exf6 Nxf6 21. Qd3
Ne4 22. Be3 Qb7 23. Nxe4 dxe4 24. Qxe4 Qxe4 25. Bxe4 a6 26. f4 Bf6 27. g4 g6 28.
Kg2 Kf7 29. g5 Be7 30. h4 Rxd2+ 31. Rxd2 Rd8 32. Rxd8 Bxd8 33. Kf3 a5 34. Bc5
Bd7 35. Bb7 Be7 36. Bxe7 Kxe7 37. Ke4 b4 38. axb4 axb4 39. Ke5 Bb5 40. Bf3 1-0

[Event "Aeroflot Open A"]
[Site "Moscow RUS"]
[Date "2011.02.14"]
[Round "7"]
[White "Kosteniuk, Alexandra"]
[Black "Vorobiov, Evgeny E."]
[Result "0-1"]
[WhiteTitle "GM"]
[BlackTitle "GM"]
[WhiteElo "2498"]
[BlackElo "2556"]
[WhiteFideId "4128125"]
[BlackFideId "4121341"]
[EventDate "2011.02.08"]

1. e4 c5 2. Nf3 e6 3. d4 cxd4 4. Nxd4 a6 5. Bd3 Bc5 6. Be3 Qf6 7. c3 Nc6 8. Bc2
Nge7 9. Qd2 d5 10. Nxc6 Bxe3 11. Qxe3 bxc6 12. e5 Qh4 13. Nd2 f6 14. Nf3 Qh5 15.
O-O-O Bd7 16. Rhe1 O-O 17. Qc5 Ng6 18. Qd6 Rf7 19. Rd4 Qh6+ 20. Re3 Raf8 21. Bd3
Nxe5 22. Nxe5 fxe5 23. Qxe5 Rxf2 24. Rg4 R2f4 25. Rh3 Rf1+ 26. Kc2 Qc1+ 27. Kb3
Qd1+ 28. Ka3 Qxg4 29. Rg3 Re1 30. Qxe1 Qf4 31. b4 a5 32. Rf3 axb4+ 33. cxb4 Ra8+
34. Kb3 Qd4 35. Qe3 Ra3+ 0-1

[Event "Aeroflot Open A"]
[Site "Moscow RUS"]
[Date "2011.02.14"]
[Round "7"]
[White "Paikidze, Nazi"]
[Black "Oleksienko, Mikhailo"]
[Result "0-1"]
[WhiteTitle "WGM"]
[BlackTitle "GM"]
[WhiteElo "2455"]
[BlackElo "2552"]
[WhiteFideId "13603620"]
[BlackFideId "4152417"]
[EventDate "2011.02.08"]

1. d4 d5 2. c4 c6 3. Nc3 Nf6 4. e3 Bf5 5. cxd5 cxd5 6. Qb3 Bc8 7. Nf3 Nc6 8. Bd3
e6 9. Bd2 Bd6 10. O-O O-O 11. Rad1 b6 12. a3 Bb7 13. Rfe1 Rc8 14. e4 Na5 15. Qa2
Rxc3 16. Bxc3 dxe4 17. Ne5 exd3 18. Bxa5 bxa5 19. Qb3 Be4 20. Nxd3 Qb6 21. Qxb6
axb6 22. Ne5 Bb7 23. Rc1 Nd5 24. f3 Rd8 25. g3 f6 26. Nc6 Re8 27. Kf2 Kf7 28.
Na7 Ba6 29. Rc2 Ra8 30. Nc6 Bd3 31. Rcc1 Ke8 0-1

[Event "Aeroflot Open A"]
[Site "Moscow RUS"]
[Date "2011.02.14"]
[Round "7"]
[White "Xiu, Deshun"]
[Black "Ju, Wenjun"]
[Result "0-1"]
[BlackTitle "WGM"]
[WhiteElo "2508"]
[BlackElo "2514"]
[WhiteFideId "8603693"]
[BlackFideId "8603006"]
[EventDate "2011.02.08"]

1. Nf3 Nf6 2. c4 g6 3. Nc3 Bg7 4. e4 d6 5. d4 O-O 6. Be2 e5 7. Be3 Na6 8. O-O
Ng4 9. Bg5 Qe8 10. c5 exd4 11. Nd5 Be6 12. Be7 Bxd5 13. Bxf8 Qxf8 14. exd5 dxc5
15. Rc1 Bh6 16. Ra1 Nf6 17. Qb3 Nb4 18. Ne5 Rb8 19. Bf3 Qd6 20. Nc4 Qd8 21. Rad1
Bf8 22. Na5 c6 23. dxc6 Qxa5 24. a3 Na6 25. cxb7 Ne8 26. Qd5 Nac7 27. Qd7 Ne6
28. b4 Qc7 29. Qa4 c4 30. Qxa7 c3 31. b5 Bc5 32. Qa6 Nd6 33. Rb1 Bb6 34. Qa4
Nxb7 35. Rbc1 Nd6 36. Rfd1 Qc5 37. Bc6 Nf4 38. Kh1 Nc4 0-1

[Event "Aeroflot Open A"]
[Site "Moscow RUS"]
[Date "2011.02.14"]
[Round "7"]
[White "Geller, Jakov"]
[Black "Pogonina, Natalija"]
[Result "1/2-1/2"]
[WhiteTitle "IM"]
[BlackTitle "WGM"]
[WhiteElo "2544"]
[BlackElo "2472"]
[WhiteFideId "4151984"]
[BlackFideId "4147855"]
[EventDate "2011.02.08"]

1. e4 e5 2. Nf3 Nc6 3. Bb5 a6 4. Ba4 Nf6 5. O-O b5 6. Bb3 Bb7 7. d3 Bd6 8. a3
O-O 9. Nc3 h6 10. Ne2 Re8 11. Ng3 Bf8 12. Re1 Na5 13. Ba2 c5 14. Nh4 d5 15. exd5
Bxd5 16. Bxd5 Qxd5 17. Nhf5 Nc6 18. Ne4 Nxe4 19. dxe4 Qxd1 20. Rxd1 Red8 21. Bd2
c4 22. Kf1 Bc5 23. b4 cxb3 24. cxb3 Nd4 25. Nxd4 Bxd4 26. Ba5 Rdc8 27. Ra2 Rc6
28. Ke2 Rac8 29. Be1 Rc2+ 30. Rxc2 Rxc2+ 31. Rd2 Rc1 32. Rd1 1/2-1/2

[Event "Aeroflot Open A"]
[Site "Moscow RUS"]
[Date "2011.02.14"]
[Round "7"]
[White "Roussel-Roozmon, Thomas"]
[Black "Khader, Sami"]
[Result "1-0"]
[WhiteTitle "GM"]
[BlackTitle "IM"]
[WhiteElo "2500"]
[BlackElo "2450"]
[WhiteFideId "2603659"]
[BlackFideId "8100500"]
[EventDate "2011.02.08"]

1. c4 e6 2. g3 Nf6 3. Bg2 d5 4. Nf3 dxc4 5. Na3 c5 6. Nxc4 Nc6 7. O-O Be7 8. b3
O-O 9. Bb2 Nd5 10. d4 b5 11. Nce5 Nxe5 12. Nxe5 Bb7 13. dxc5 Bxc5 14. Rc1 Rc8
15. Nd3 Bb6 16. Rxc8 Bxc8 17. Qa1 f6 18. Rd1 Qe7 19. Qc1 Rd8 20. Ba3 Qc7 21.
Qxc7 Nxc7 22. Rc1 e5 23. Bc5 Bxc5 24. Rxc5 Ne6 25. Rxb5 Nd4 26. Rd5 Re8 27. Kf1
Nxe2 28. Kxe2 Bb7 29. Rxe5 Rxe5+ 30. Nxe5 Bxg2 31. Nc4 Bc6 32. Ke3 Kf7 33. Kd4
Ke6 34. Kc5 Bd7 35. b4 h5 36. b5 Kf5 37. a4 Kg4 38. a5 Kh3 39. b6 axb6+ 40. Nxb6
Bg4 41. a6 Bf3 42. Nd5 Kxh2 43. a7 Kg2 44. a8=Q Kxf2 45. Qf8 1-0

[Event "Aeroflot Open A"]
[Site "Moscow RUS"]
[Date "2011.02.15"]
[Round "8"]
[White "Le, Quang Liem"]
[Black "Cheparinov, Ivan"]
[Result "0-1"]
[WhiteTitle "GM"]
[BlackTitle "GM"]
[WhiteElo "2664"]
[BlackElo "2665"]
[WhiteFideId "12401137"]
[BlackFideId "2905540"]
[EventDate "2011.02.08"]

1. Nf3 Nf6 2. c4 g6 3. Nc3 Bg7 4. e4 d6 5. d4 O-O 6. Be2 e5 7. O-O Nc6 8. d5 Ne7
9. Ne1 Nd7 10. f3 f5 11. g4 Nf6 12. Nd3 c6 13. Be3 Kh8 14. Kh1 b5 15. g5 Nh5 16.
Nb4 c5 17. Nc6 Qd7 18. cxb5 fxe4 19. Nxe4 Nf5 20. Qd2 Nd4 21. b4 Qh3 22. Kg1
Nxf3+ 23. Bxf3 Rxf3 24. Rae1 Bg4 25. bxc5 Rxf1+ 26. Rxf1 Bf3 27. Rxf3 Qxf3 28.
Nf2 Qf5 29. cxd6 Nf4 30. Bxf4 exf4 31. Qd3 Qxg5+ 32. Kf1 f3 33. Qxf3 Rf8 34. Qd3
Qf4 35. Qg3 Qc4+ 36. Kg1 Qxd5 37. a4 Bd4 38. Nxd4 Qxd4 39. a5 Rf6 40. b6 axb6
41. a6 Kg7 42. a7 Qa1+ 43. Kg2 Qxa7 44. Qe5 Qd7 45. Ne4 Qg4+ 0-1

[Event "Aeroflot Open A"]
[Site "Moscow RUS"]
[Date "2011.02.15"]
[Round "8"]
[White "Vitiugov, Nikita"]
[Black "Tomashevsky, Evgeny"]
[Result "1/2-1/2"]
[WhiteTitle "GM"]
[BlackTitle "GM"]
[WhiteElo "2709"]
[BlackElo "2695"]
[WhiteFideId "4152956"]
[BlackFideId "4147235"]
[EventDate "2011.02.08"]

1. d4 Nf6 2. c4 g6 3. f3 Nc6 4. d5 Ne5 5. e4 d6 6. Nc3 Bg7 7. f4 Ned7 8. Nf3 O-O
9. Bd3 c6 10. O-O Nc5 11. Bc2 Qb6 12. Kh1 Bg4 13. Rb1 a5 14. Be3 Nfd7 15. Qe2
Qc7 1/2-1/2

[Event "Aeroflot Open A"]
[Site "Moscow RUS"]
[Date "2011.02.15"]
[Round "8"]
[White "Khismatullin, Denis"]
[Black "Kasimdzhanov, Rustam"]
[Result "1/2-1/2"]
[WhiteTitle "GM"]
[BlackTitle "GM"]
[WhiteElo "2649"]
[BlackElo "2681"]
[WhiteFideId "4142578"]
[BlackFideId "14200244"]
[EventDate "2011.02.08"]

1. d4 Nf6 2. c4 e6 3. Nf3 d5 4. Nc3 dxc4 5. e3 a6 6. a4 c5 7. Bxc4 Nc6 8. O-O
Be7 9. dxc5 Qxd1 10. Rxd1 Bxc5 11. Bd2 1/2-1/2

[Event "Aeroflot Open A"]
[Site "Moscow RUS"]
[Date "2011.02.15"]
[Round "8"]
[White "Yu, Yangyi"]
[Black "Mamedov, Rauf"]
[Result "1/2-1/2"]
[WhiteTitle "GM"]
[BlackTitle "GM"]
[WhiteElo "2607"]
[BlackElo "2660"]
[WhiteFideId "8603820"]
[BlackFideId "13401653"]
[EventDate "2011.02.08"]

1. e4 c5 2. Nf3 Nc6 3. d4 cxd4 4. Nxd4 g6 5. Nc3 Bg7 6. Be3 Nf6 7. Bc4 O-O 8.
Bb3 d6 9. h3 Na5 10. O-O Bd7 11. Re1 Rc8 12. Nf3 a6 13. Qd2 Re8 14. Rad1 Nxb3
15. axb3 Qc7 16. Bh6 b5 17. Bxg7 Kxg7 18. Re2 Bc6 19. Nd5 Bxd5 20. exd5 Qb7 21.
b4 Rc7 22. c3 Ra8 23. Ne1 a5 24. Nc2 axb4 25. Nxb4 Rc5 26. Re3 Re8 27. Qe2 Qd7
28. Rd4 h6 29. Qd3 Rec8 30. Qe2 Re8 31. Qd2 Rec8 32. Qe1 Re8 33. Qe2 h5 34. Kh1
Qb7 35. Qf3 Rc4 36. Qd1 Rec8 37. Kg1 Rxd4 38. Qxd4 Rc4 39. Qd1 Rc5 40. Rd3 Qd7
41. Qe2 Kf8 42. Rd1 1/2-1/2

[Event "Aeroflot Open A"]
[Site "Moscow RUS"]
[Date "2011.02.15"]
[Round "8"]
[White "Jakovenko, Dmitry"]
[Black "Ding, Liren"]
[Result "1/2-1/2"]
[WhiteTitle "GM"]
[BlackTitle "GM"]
[WhiteElo "2718"]
[BlackElo "2628"]
[WhiteFideId "4122356"]
[BlackFideId "8603677"]
[EventDate "2011.02.08"]

1. d4 Nf6 2. c4 g6 3. g3 c6 4. Bg2 d5 5. Nf3 Bg7 6. cxd5 cxd5 7. O-O O-O 8. Ne5
Bf5 9. Nc3 Ne4 10. Qb3 Nc6 11. Nxc6 bxc6 12. Nxe4 Bxe4 13. Bxe4 dxe4 14. Rd1 Qb6
15. Be3 Qxb3 16. axb3 Rfb8 17. Rdc1 Rxb3 18. Rxc6 h5 19. Rc7 Bf6 20. Raxa7 1/2-1/2

[Event "Aeroflot Open A"]
[Site "Moscow RUS"]
[Date "2011.02.15"]
[Round "8"]
[White "Sjugirov, Sanan"]
[Black "Vachier-Lagrave, Maxime"]
[Result "1-0"]
[WhiteTitle "GM"]
[BlackTitle "GM"]
[WhiteElo "2626"]
[BlackElo "2715"]
[WhiteFideId "4189302"]
[BlackFideId "623539"]
[EventDate "2011.02.08"]

1. e4 e5 2. Nf3 Nc6 3. Bb5 a6 4. Ba4 Nge7 5. O-O g6 6. c3 Bg7 7. d4 exd4 8. cxd4
b5 9. Bb3 O-O 10. h3 d6 11. Nc3 Bb7 12. Bf4 Qd7 13. Rc1 Na5 14. Bc2 Rad8 15. Re1
c5 16. Bb1 cxd4 17. Nxd4 Nc4 18. Na4 Ba8 19. b3 Qa7 20. Nf3 Na3 21. Nc3 Nxb1 22.
Nxb1 f5 23. Ng5 fxe4 24. Ne6 Nd5 25. Be3 Qe7 26. Nxd8 Qxd8 27. Qg4 Nb4 28. Bg5
Bf6 29. Qe6+ Kg7 30. Rc8 Qxc8 31. Bxf6+ Kh6 32. Qe7 Rxf6 33. Qxf6 Nd3 34. Rf1
Qf5 35. Qh4+ Kg7 36. Qe7+ Kh6 37. Qh4+ Kg7 38. Qd8 Qf8 39. Qd7+ Kh6 40. Nc3 Nf4
41. Qg4 Bb7 42. Ne2 Nd3 43. Qd7 Bd5 44. Nc3 Nc5 45. Qc7 Ba8 46. Nd1 1-0

[Event "Aeroflot Open A"]
[Site "Moscow RUS"]
[Date "2011.02.15"]
[Round "8"]
[White "Sandipan, Chanda"]
[Black "Kobalia, Mikhail"]
[Result "1/2-1/2"]
[WhiteTitle "GM"]
[BlackTitle "GM"]
[WhiteElo "2641"]
[BlackElo "2666"]
[WhiteFideId "5004225"]
[BlackFideId "4119150"]
[EventDate "2011.02.08"]

1. d4 d5 2. c4 c6 3. Nf3 Nf6 4. e3 Bf5 5. Nc3 e6 6. Nh4 Be4 7. f3 Bg6 8. Qb3 Qb6
9. Nxg6 hxg6 10. Bd2 Nbd7 11. O-O-O Qxb3 12. axb3 Bd6 13. h3 Nh5 14. Bd3 Ng3 15.
Rhe1 Nf5 16. cxd5 cxd5 17. Nb5 Bg3 18. e4 Rc8+ 19. Kb1 Bxe1 20. Rxe1 a6 21. exf5
axb5 22. fxe6 Nb8 23. Re5 Rd8 24. exf7+ Kxf7 25. Rg5 Nc6 26. Bxg6+ Kf6 27. Rg4
Rd7 28. h4 Rxh4 29. Rxh4 Kxg6 30. Kc2 Rd8 31. Kd3 Ra8 32. Rh1 Ra2 33. Rb1 Kf5
34. g4+ Kf6 35. Be3 Kf7 36. Bf4 Ra8 37. Rc1 Ke6 38. Be3 Nb4+ 39. Kd2 Rh8 40. Bg1
Rh1 41. Ke2 Nc6 42. Kf1 b4 43. Rc5 g6 44. Rb5 Nxd4 45. Rxb4 Nxf3 46. Kg2 Rxg1+
47. Kxf3 Ke5 48. Rxb7 Rf1+ 49. Kg3 d4 50. Re7+ Kd5 51. Rd7+ Ke4 52. Re7+ Kd3 53.
Re6 Kc2 54. Rc6+ Kxb3 55. Rxg6 d3 56. Rd6 Kc2 57. g5 d2 58. Kg4 Rg1+ 1/2-1/2

[Event "Aeroflot Open A"]
[Site "Moscow RUS"]
[Date "2011.02.15"]
[Round "8"]
[White "Grachev, Boris"]
[Black "Vuckovic, Bojan"]
[Result "1/2-1/2"]
[WhiteTitle "GM"]
[BlackTitle "GM"]
[WhiteElo "2660"]
[BlackElo "2623"]
[WhiteFideId "4129199"]
[BlackFideId "922277"]
[EventDate "2011.02.08"]

1. d4 d5 2. c4 c6 3. Nf3 Nf6 4. e3 Bf5 5. Bd3 Bxd3 6. Qxd3 e6 7. O-O Nbd7 8.
Nbd2 Be7 9. Rd1 O-O 10. e4 dxe4 11. Nxe4 Nxe4 12. Qxe4 Nf6 13. Qe2 Qa5 14. Ne5
Rad8 15. Bg5 Rfe8 16. Rd3 Nd7 17. Bxe7 Rxe7 18. Rad1 Qc7 19. Nf3 Nf8 20. g3 f6
21. h4 c5 22. b3 a6 23. h5 h6 24. dxc5 Rxd3 25. Rxd3 Qxc5 26. Nh4 Kf7 27. Ng2
Rd7 28. Nf4 Qc6 29. Qe3 Rxd3 30. Qxd3 Nd7 31. Ng6 Nf8 32. Nh8+ Kg8 33. Ng6 Kf7
34. Nxf8 Kxf8 35. Qd8+ Kf7 36. a4 Qe4 37. Qb6 f5 38. a5 Kf6 39. Qd8+ Kf7 40. Qb6
Qe1+ 41. Kh2 Qe4 42. Qc7+ Kg8 43. b4 e5 44. Qd7 Qf3 45. Kg1 e4 46. b5 Kh7 47.
Qd5 Kh8 48. Qd8+ Kh7 49. Qd5 Kh8 50. bxa6 bxa6 51. Qd8+ Kh7 52. Qd5 Kh8 53. Qd8+
Kh7 54. Qd6 Qxh5 55. c5 e3 56. fxe3 Qe2 57. Qf4 Qe1+ 58. Kg2 Qd2+ 59. Kh3 Qd5
60. Qf1 Qxc5 61. Qxa6 Qxe3 62. Qb6 Qe2 63. Qc5 Qe4 64. Kh2 h5 65. Qf2 h4 66. a6
hxg3+ 67. Kxg3 Qg4+ 68. Kh2 Qh5+ 69. Kg3 Qg6+ 70. Kh3 Qxa6 71. Qxf5+ Qg6 72.
Qxg6+ Kxg6 73. Kg4 1/2-1/2

[Event "Aeroflot Open A"]
[Site "Moscow RUS"]
[Date "2011.02.15"]
[Round "8"]
[White "Zvjaginsev, Vadim"]
[Black "Petrosian, Tigran L."]
[Result "1/2-1/2"]
[WhiteTitle "GM"]
[BlackTitle "GM"]
[WhiteElo "2660"]
[BlackElo "2604"]
[WhiteFideId "4113403"]
[BlackFideId "13301616"]
[EventDate "2011.02.08"]

1. e4 e5 2. Nf3 Nc6 3. Bb5 a6 4. Ba4 Nf6 5. O-O Be7 6. Bxc6 dxc6 7. d3 Nd7 8.
Be3 O-O 9. Nbd2 Re8 10. Kh1 Bd6 11. Nc4 Nf8 12. d4 exd4 13. Qxd4 c5 14. Qd3 b5
15. Nxd6 1/2-1/2

[Event "Aeroflot Open A"]
[Site "Moscow RUS"]
[Date "2011.02.15"]
[Round "8"]
[White "Kamsky, Gata"]
[Black "Ragger, Markus"]
[Result "1-0"]
[WhiteTitle "GM"]
[BlackTitle "GM"]
[WhiteElo "2730"]
[BlackElo "2615"]
[WhiteFideId "2000024"]
[BlackFideId "1610856"]
[EventDate "2011.02.08"]

1. e4 c6 2. d4 d5 3. e5 Bf5 4. Nd2 e6 5. Nb3 Nd7 6. Ne2 f6 7. Ng3 Bg6 8. f4 Nh6
9. Bd3 Bxd3 10. Qxd3 f5 11. Bd2 Be7 12. Na5 Qc8 13. b4 Kf7 14. Nb3 Nb6 15. Nf1
Nc4 16. Ne3 b5 17. O-O Qf8 18. Nc5 Bxc5 19. bxc5 Qe7 20. a4 Rhb8 21. axb5 Nxe3
22. Qxe3 Rxb5 23. h3 Qb7 24. Ra4 Ng8 25. Kh2 Ne7 26. Rfa1 Rb1 27. R1a3 Ke8 28.
Qe2 Kf7 29. Qh5+ Ng6 30. Qxh7 Rh8 31. Qxh8 Nxh8 32. Rxa7 Ng6 33. Kg3 Ne7 34.
Rxb7 Rxb7 35. Ra2 Ke8 36. Kf2 Nc8 37. Ke2 Ra7 38. Rb2 Kd7 39. Be1 Kc7 40. Rb3
Kd7 41. Bh4 Ke8 42. g4 1-0

[Event "Aeroflot Open A"]
[Site "Moscow RUS"]
[Date "2011.02.15"]
[Round "8"]
[White "Andreikin, Dmitry"]
[Black "Lenic, Luka"]
[Result "1/2-1/2"]
[WhiteTitle "GM"]
[BlackTitle "GM"]
[WhiteElo "2689"]
[BlackElo "2613"]
[WhiteFideId "4158814"]
[BlackFideId "14603853"]
[EventDate "2011.02.08"]

1. Nf3 Nf6 2. c4 e6 3. g3 b6 4. Bg2 Bb7 5. d4 Bb4+ 6. Bd2 a5 7. O-O O-O 8. Bf4
Be7 9. Nc3 Ne4 10. Qc2 Nxc3 11. Qxc3 d6 12. Qc2 f5 13. Ne1 Bxg2 14. Nxg2 Nc6 15.
Rad1 Bf6 16. d5 Nb4 17. Qb1 e5 18. Bd2 Bg5 19. f4 exf4 20. Nxf4 Bxf4 21. Rxf4
Qe7 22. Re1 Rae8 23. a3 Na6 24. b4 axb4 25. axb4 Qe5 26. Qd3 Nb8 27. e3 Nd7 28.
Bc3 Qe7 29. Rxf5 Rxf5 30. Qxf5 Rf8 31. Qe6+ Qxe6 32. dxe6 Nb8 33. Ra1 Nc6 34. b5
Ne7 35. Ra7 Rc8 36. c5 dxc5 37. Be5 c4 38. Kf2 Nd5 39. e4 Nf6 40. Bxf6 gxf6 41.
Ke3 Kf8 42. Ra4 Ke7 43. Rxc4 Kxe6 44. Kf4 c5 45. bxc6 Kd6 46. Rd4+ Ke6 47. Rd7
h6 48. Rb7 Rxc6 49. g4 Kd6 50. Rh7 b5 51. Rxh6 Kc5 52. Rh8 Rb6 53. e5 b4 54.
exf6 Rxf6+ 55. Ke5 Rg6 56. Kf5 Rb6 57. Rc8+ Kd6 58. Rc2 b3 59. Rb2 Ke7 60. h4
Kf7 61. g5 Rb5+ 62. Kg4 Rb4+ 63. Kf5 Rb5+ 1/2-1/2

[Event "Aeroflot Open A"]
[Site "Moscow RUS"]
[Date "2011.02.15"]
[Round "8"]
[White "Motylev, Alexander"]
[Black "Dubov, Daniil"]
[Result "1/2-1/2"]
[WhiteTitle "GM"]
[BlackTitle "IM"]
[WhiteElo "2687"]
[BlackElo "2459"]
[WhiteFideId "4121830"]
[BlackFideId "24126055"]
[EventDate "2011.02.08"]

1. e4 c5 2. Nf3 d6 3. d4 cxd4 4. Nxd4 Nf6 5. Nc3 Nc6 6. Bg5 e6 7. Qd2 a6 8.
O-O-O Bd7 9. f3 Qc7 10. Kb1 Be7 11. Be3 h5 12. Nxc6 bxc6 13. Bf4 e5 14. Bg5 Be6
15. Bxf6 gxf6 16. f4 exf4 17. Ne2 Qb6 18. Nxf4 Kd7 19. Qc3 Rhb8 20. Rd4 c5 21.
Rd2 Qb4 22. Qxb4 Rxb4 23. Nd3 Rb5 24. b3 c4 25. Nf4 Re5 26. Nd5 Bxd5 27. Rxd5
cxb3 28. axb3 Rxe4 29. Rxh5 Re5 30. g4 Rg8 31. Bd3 Rgg5 32. Rxg5 fxg5 33. Rf1 a5
34. Rxf7 Re1+ 35. Kb2 Ke6 36. Rf3 Bf6+ 37. c3 Be5 38. h3 Rg1 39. Bf1 Rg3 40.
Rxg3 Bxg3 41. b4 axb4 42. cxb4 Kd7 43. Bg2 Kc7 44. Kb3 Kb6 45. Kc4 1/2-1/2

[Event "Aeroflot Open A"]
[Site "Moscow RUS"]
[Date "2011.02.15"]
[Round "8"]
[White "Maletin, Pavel"]
[Black "Volokitin, Andrei"]
[Result "1/2-1/2"]
[WhiteTitle "GM"]
[BlackTitle "GM"]
[WhiteElo "2621"]
[BlackElo "2678"]
[WhiteFideId "4146786"]
[BlackFideId "14107090"]
[EventDate "2011.02.08"]

1. d4 Nf6 2. c4 e6 3. g3 d5 4. Nf3 Bb4+ 5. Bd2 Be7 6. Bg2 c6 7. O-O O-O 8. Qc2
b6 9. Rd1 Nbd7 10. Bf4 Ba6 11. Ne5 Rc8 12. cxd5 Nxd5 13. Nc3 Nxe5 14. Bxe5 Nxc3
15. bxc3 Bc4 16. Be4 h6 17. Bh7+ Kh8 18. Bd3 Bxd3 19. Rxd3 b5 20. c4 Bf6 21.
Bxf6 Qxf6 22. Rc1 Qd8 23. cxb5 cxb5 24. Qxc8 Qxc8 25. Rxc8 Rxc8 26. Ra3 Rc7 27.
Ra5 g5 28. Rxb5 1/2-1/2